000 00645nam a2200217 a 4500
999 _c4538
_d4538
001 4538
003 BD-JhCC
005 20171128163307.0
008 171128s bg |||| |||| 000 0 ben d
035 _a(BD-JhCC) 4538
040 _aBD-JhCC
_dBD-JhCC
041 _aben
082 _a320
_bSIA 1969
245 _aসিয়াসতনামা /
_cযাহিদ হোসেন
260 _aঢাকা :
_bবাংলা একাডেমী,
_c১৯৬৯.
300 _a২৮৮ পৃ. :
_c২২ সেমি.
650 _aPolitical science
700 _aহোসেন, যাহিদ
942 _2ddc
_cBK